000 00185 a2200097 4500
020 _a9781455567416
041 _aeng
100 _aMichel Connelly
245 _aThe Reversal
942 _cBK
999 _c30548
_d30546